<?xml version="1.0" encoding="UTF-8"?>
<record
    xmlns:xsi="http://www.w3.org/2001/XMLSchema-instance"
    xsi:schemaLocation="http://www.loc.gov/MARC21/slim http://www.loc.gov/standards/marcxml/schema/MARC21slim.xsd"
    xmlns="http://www.loc.gov/MARC21/slim">

  <leader>00939cam a2200277 a 4500</leader>
  <controlfield tag="001">16643397</controlfield>
  <controlfield tag="005">20231101141235.0</controlfield>
  <controlfield tag="008">110208m20089999enka     b    001 0 eng d</controlfield>
  <datafield tag="020" ind1=" " ind2=" ">
    <subfield code="a">9780714844053 (v. 1)</subfield>
  </datafield>
  <datafield tag="020" ind1=" " ind2=" ">
    <subfield code="a">0714844055 (v. 1)</subfield>
  </datafield>
  <datafield tag="040" ind1=" " ind2=" ">
    <subfield code="a">NPL</subfield>
    <subfield code="c">NPL</subfield>
    <subfield code="d">TXA</subfield>
    <subfield code="d">BWX</subfield>
    <subfield code="d">PUL</subfield>
    <subfield code="d">VP@</subfield>
    <subfield code="d">IQU</subfield>
    <subfield code="d">OSU</subfield>
    <subfield code="d">VJA</subfield>
    <subfield code="d">IMO</subfield>
    <subfield code="d">CDX</subfield>
    <subfield code="d">UBA</subfield>
    <subfield code="d">GEBAY</subfield>
    <subfield code="d">DLC</subfield>
  </datafield>
  <datafield tag="082" ind1="0" ind2="4">
    <subfield code="a">709.04</subfield>
    <subfield code="2">22</subfield>
  </datafield>
  <datafield tag="245" ind1="0" ind2="0">
    <subfield code="a">Salon to biennial :</subfield>
    <subfield code="b">exhibitions that made art history /</subfield>
    <subfield code="c">conceived and edited by Phaidon editors and Bruce Altshuler  ; introductory essay and chapter introductions by Bruce Altshuler.</subfield>
  </datafield>
  <datafield tag="260" ind1=" " ind2=" ">
    <subfield code="a">London ;</subfield>
    <subfield code="a">New York, N.Y. :</subfield>
    <subfield code="b">Phaidon,</subfield>
    <subfield code="c">c2008- &lt; &gt;</subfield>
  </datafield>
  <datafield tag="300" ind1=" " ind2=" ">
    <subfield code="a">v. &lt;1  &gt; :</subfield>
  </datafield>
  <datafield tag="650" ind1=" " ind2="0">
    <subfield code="a">Art, Modern</subfield>
  </datafield>
  <datafield tag="650" ind1=" " ind2="0">
    <subfield code="a">Art, Modern</subfield>
  </datafield>
  <datafield tag="650" ind1=" " ind2="0">
    <subfield code="a">Art, Modern</subfield>
  </datafield>
  <datafield tag="650" ind1=" " ind2="0">
    <subfield code="a">Art, Modern</subfield>
  </datafield>
  <datafield tag="650" ind1=" " ind2="7">
    <subfield code="a">Exposi&#xE7;&#xF5;es de arte (hist&#xF3;ria)</subfield>
  </datafield>
  <datafield tag="650" ind1=" " ind2="7">
    <subfield code="a">Arte moderna.</subfield>
  </datafield>
  <datafield tag="650" ind1=" " ind2="7">
    <subfield code="a">Bienais de arte.</subfield>
  </datafield>
  <datafield tag="650" ind1="0" ind2="7">
    <subfield code="a">Kunstausstellung</subfield>
  </datafield>
  <datafield tag="700" ind1="1" ind2=" ">
    <subfield code="a">Altshuler, Bruce.</subfield>
  </datafield>
  <datafield tag="942" ind1=" " ind2=" ">
    <subfield code="c">BK</subfield>
  </datafield>
  <datafield tag="999" ind1=" " ind2=" ">
    <subfield code="c">6</subfield>
    <subfield code="d">6</subfield>
  </datafield>
</record>
